|
|
|
|
| LEADER |
00696nab a2200193 i 4500 |
| 001 |
acta17540 |
| 005 |
20210615110126.0 |
| 008 |
161015s1964 hu o 0|| hun d |
| 022 |
|
|
|a 0371-3458
|
| 040 |
|
|
|a SZTE Egyetemi Kiadványok Repozitórium
|b hun
|
| 041 |
|
|
|a hun
|
| 100 |
1 |
|
|a Geréb György
|
| 245 |
1 |
0 |
|a Középiskolai tanulók félelmi motívumainak pszichológiai vizsgálata
|h [elektronikus dokumentum] /
|c Geréb György
|
| 260 |
|
|
|c 1964
|
| 300 |
|
|
|a 285-308
|
| 490 |
0 |
|
|a A Szegedi Tanárképző Főiskola tudományos közleményei
|
| 695 |
|
|
|a Pszichológia
|
| 700 |
0 |
1 |
|a Szabó Zoltán
|e aut
|
| 856 |
4 |
0 |
|u http://acta.bibl.u-szeged.hu/17540/1/tanarkepzo_1964_1_285-308.pdf
|z Dokumentum-elérés
|